000 00275nam a2200109Ia 4500
008 220216s9999 xx 000 0 und d
100 _aThomas K U
245 0 _aVilaveduppu sasthreeyamakki uthpadanam vardhippikkuka
260 _bRubber
_c2008
300 _a7-Jun
942 _cBS
999 _c50711
_d50711